[Event "I Weekend A"]
[Site "Piacenza ITA"]
[Date "2005.11.06"]
[Round "4"]
[White "Gromovs, Sergejs"]
[Black "Drei, Andrea"]
[Result "1-0"]
[WhiteElo "2302"]
[BlackElo "2274"]
[PlyCount "85"]
[EventDate "2005.11.04"]

1. d4 Nf6 2. Nf3 e6 3. c4 Bb4+ 4. Nbd2 O-O 5. g3 b6 6. Bg2 Bb7 7. O-O Ne4 8.
Nxe4 Bxe4 9. c5 bxc5 10. a3 Ba5 11. dxc5 c6 12. b4 Bc7 13. Bb2 f5 14. Qd4 Qe7
15. Ne5 Bxg2 16. Kxg2 a5 17. Rfd1 Rd8 18. Nc4 Na6 19. Bc3 Rab8 20. Rab1 axb4
21. axb4 e5 22. Qd3 Qe6 23. Ne3 f4 24. gxf4 exf4 25. Nf5 f3+ 26. Qxf3 Rf8 27.
Qg4 Rf7 28. e4 Re8 29. f3 Qg6 30. h3 Qxg4+ 31. hxg4 Bf4 32. e5 Nc7 33. Nd6 Nb5
34. Nxb5 cxb5 35. Rd5 Re6 36. Rbd1 Ree7 37. Ra1 h5 38. Ra8+ Kh7 39. gxh5 Rf5
40. Kh3 Ref7 41. e6 dxe6 42. Rxf5 Rxf5 43. Kg4 1-0

[Event "I Weekend A"]
[Site "Piacenza ITA"]
[Date "2005.11.06"]
[Round "4"]
[White "Guanciale, Orazio"]
[Black "Murgia, Andrea"]
[Result "1-0"]
[WhiteElo "2154"]
[BlackElo "2089"]
[PlyCount "85"]
[EventDate "2005.11.04"]

1. e4 e5 2. f4 exf4 3. Bc4 Qh4+ 4. Kf1 Nc6 5. d4 d6 6. Nc3 Bg4 7. Nf3 Bxf3 8.
gxf3 Qh3+ 9. Kf2 g5 10. Nd5 O-O-O 11. c3 Bg7 12. Bf1 Qh4+ 13. Kg1 Nf6 14. Nxf6
Bxf6 15. Bd2 Nxd4 16. Be1 Qh6 17. cxd4 Rhg8 18. Kf2 g4 19. fxg4 Qh4+ 20. Ke2
Qxg4+ 21. Kd3 Qd7 22. Qb3 Kb8 23. h4 d5 24. e5 Qf5+ 25. Kd2 Qe4 26. Bf2 Be7 27.
Ba6 b6 28. Qd3 Rg2 29. Raf1 Rdg8 30. Kc1 Rxf2 31. Qxe4 Rxf1+ 32. Rxf1 dxe4 33.
Rxf4 e3 34. Kd1 Rd8 35. Bc4 c6 36. Ke2 Bf8 37. Rxf7 Bh6 38. Rxh7 Bf4 39. e6 Re8
40. d5 b5 41. Bb3 c5 42. Rf7 c4 43. Bxc4 1-0

[Event "I Weekend A"]
[Site "Piacenza ITA"]
[Date "2005.11.06"]
[Round "4"]
[White "Laketic, Gojko"]
[Black "Aleksic, Nenad"]
[Result "1/2-1/2"]
[WhiteElo "2479"]
[BlackElo "2381"]
[PlyCount "56"]
[EventDate "2005.11.04"]

1. d4 Nf6 2. g3 e6 3. c4 Bb4+ 4. Bd2 a5 5. Bg2 O-O 6. Nf3 b6 7. O-O Bb7 8. Bg5
Be7 9. Bxf6 Bxf6 10. Nc3 d6 11. Rc1 Nd7 12. e4 g6 13. Re1 Bg7 14. b3 Qe7 15.
Qd2 Rad8 16. Rcd1 Rfe8 17. h3 h6 18. Re2 Kh7 19. Qc2 Kg8 20. Kh2 Rc8 21. Red2
Red8 22. Re2 Re8 23. Re3 Red8 24. d5 e5 25. h4 Nf6 26. Bh3 Ra8 27. Kg2 Bc8 28.
Bxc8 28... Raxc8 {...} 1/2-1/2

[Event "I Weekend A"]
[Site "Piacenza ITA"]
[Date "2005.11.06"]
[Round "4"]
[White "Mussap, Angelo"]
[Black "Marmili, Giulio"]
[Result "0-1"]
[WhiteElo "2107"]
[BlackElo "2066"]
[PlyCount "132"]
[EventDate "2005.11.04"]

1. e4 c5 2. Nf3 d6 3. d4 cxd4 4. Nxd4 Nf6 5. Nc3 e6 6. Be2 Nc6 7. Be3 Be7 8.
Qd2 a6 9. O-O Qc7 10. a3 O-O 11. Nxc6 Qxc6 12. f3 b5 13. Rad1 Bb7 14. Bd3 Rfd8
15. Qe2 d5 16. exd5 exd5 17. Bd4 Bc5 18. Qf2 Rac8 19. Rfe1 Kf8 20. Kf1 Qb6 21.
Ne2 b4 22. axb4 Qxb4 23. b3 a5 24. Ra1 Bxd4 25. Qxd4 Qd6 26. Rxa5 Qxh2 27. Ra7
Bc6 28. Qf4 Qxf4 29. Nxf4 Rd7 30. Rxd7 Bxd7 31. g4 g5 32. Nh5 Nxh5 33. gxh5 h6
34. Re5 Be6 35. Kf2 Ke7 36. Re1 Kf6 37. Kg3 Bf5 38. Bxf5 Kxf5 39. Re2 Rc3 40.
Rd2 Ke5 41. Kf2 f5 42. Ke2 d4 43. Kf2 g4 44. fxg4 fxg4 45. Kg2 Kf5 46. b4 Kg5
47. b5 Kh4 48. b6 Rc6 49. b7 Rb6 50. Rxd4 Rxb7 51. Rc4 Re7 52. Rf4 Re2+ 53. Rf2
Re3 54. Rd2 Rc3 55. Kh2 Kxh5 56. Kg2 Kh4 57. Re2 h5 58. Kh2 g3+ 59. Kg2 Rc4 60.
Rd2 Kg4 61. Re2 h4 62. Rd2 h3+ 63. Kg1 Rf4 64. Rd1 h2+ 65. Kg2 Rf2+ 66. Kh1 Kh3
0-1

[Event "I Weekend A"]
[Site "Piacenza ITA"]
[Date "2005.11.06"]
[Round "4"]
[White "Nannelli, Paolo"]
[Black "Scalcione, Michelangelo"]
[Result "0-1"]
[WhiteElo "2172"]
[BlackElo "2284"]
[PlyCount "80"]
[EventDate "2005.11.04"]

1. d4 d6 2. c4 e5 3. d5 f5 4. e4 fxe4 5. Nc3 Nf6 6. Nge2 Bf5 7. Ng3 Bg6 8. Bg5
Be7 9. Bxf6 gxf6 10. h4 Qd7 11. f3 exf3 12. Qxf3 h5 13. Bd3 Bxd3 14. Qxd3 Qg4
15. Nce4 Nd7 16. Nf5 Nc5 17. Nxc5 dxc5 18. Rf1 Bd6 19. Qe3 O-O-O 20. Rc1 Rhg8
21. Rc2 Kb8 22. b3 Rde8 23. Re2 Qg6 24. Qe4 Ref8 25. Rf3 Qe8 26. Ne3 Rg7 27.
Ref2 Qd8 28. Rf5 Rh8 29. Kf1 Be7 30. Qf3 Qe8 31. a3 a6 32. Rb2 Bd6 33. Qe4 Qg6
34. Rbf2 Rhg8 35. R2f3 Qh7 36. Kf2 Rg4 37. Nxg4 Rxg4 38. Qe3 e4 39. R3f4 Qg6
40. Qxe4 Bxf4 0-1

[Event "I Weekend A"]
[Site "Piacenza ITA"]
[Date "2005.11.06"]
[Round "4"]
[White "Peric, Slavisa"]
[Black "Ranola, Yves"]
[Result "1-0"]
[WhiteElo "2308"]
[BlackElo "2455"]
[PlyCount "54"]
[EventDate "2005.11.04"]

1. d4 g6 2. e4 Bg7 3. Nc3 c6 4. g3 d5 5. exd5 cxd5 6. Bg2 Nf6 7. Nge2 Nc6 8.
Bg5 e6 9. h3 b6 10. O-O h6 11. Be3 Ba6 12. Re1 O-O 13. Nf4 Rc8 14. Nd3 Ne8 15.
Ne5 Nd6 16. Nxc6 Rxc6 17. Ne2 Bxe2 18. Rxe2 b5 19. c3 Qb6 20. Rc2 b4 21. cxb4
Rxc2 22. Qxc2 Qxb4 23. Rd1 Rc8 24. Qd2 Qxd2 25. Rxd2 Rc1+ 26. Bf1 Re1 27. Kg2
Nf5 1-0

[Event "I Weekend A"]
[Site "Piacenza ITA"]
[Date "2005.11.06"]
[Round "4"]
[White "Raineri, Valerio"]
[Black "Rossi, Aldo A."]
[Result "1/2-1/2"]
[WhiteElo "2132"]
[BlackElo "2198"]
[PlyCount "45"]
[EventDate "2005.11.04"]

1. e4 c5 2. Nf3 d6 3. d4 cxd4 4. Nxd4 Nf6 5. Nc3 g6 6. Be3 Bg7 7. f3 Nc6 8. Qd2
O-O 9. Bc4 Bd7 10. Bb3 Qa5 11. O-O-O Rfc8 12. g4 Ne5 13. h4 b5 14. h5 Nc4 15.
Bxc4 bxc4 16. Bh6 Bh8 17. Nf5 Bxf5 18. gxf5 Nxh5 19. Rxh5 Bxc3 20. Qxc3 Qxc3
21. bxc3 gxh5 22. Rg1+ Kh8 23. Bg7+ 1/2-1/2

[Event "I Weekend A"]
[Site "Piacenza ITA"]
[Date "2005.11.06"]
[Round "4"]
[White "Tencati, Giuseppe"]
[Black "Brigati, Alessandro"]
[Result "1-0"]
[WhiteElo "2132"]
[BlackElo "2006"]
[PlyCount "79"]
[EventDate "2005.11.04"]

1. f4 Nf6 2. Nf3 g6 3. g3 Bg7 4. Bg2 d6 5. O-O c5 6. d3 O-O 7. e4 Nc6 8. c3 Qc7
9. Na3 a6 10. Qe1 e5 11. Nh4 exf4 12. gxf4 Bg4 13. Qg3 Bh5 14. Bd2 Rae8 15.
Rae1 b5 16. Nc2 b4 17. Ne3 bxc3 18. bxc3 Ne7 19. f5 Nc6 20. Rf2 Ne5 21. Bf1
Neg4 22. Nxg4 Nxg4 23. Rf4 Be5 24. Ng2 Nf6 25. Qg5 d5 26. Rh4 d4 27. c4 Kh8 28.
Kh1 Rg8 29. Be2 Rb8 30. Bxh5 Nxh5 31. Bf4 Rb2 32. fxg6 Bxf4 33. Nxf4 fxg6 34.
Nd5 Qd6 35. e5 Qf8 36. Nf6 Nxf6 37. exf6 Rf2 38. Rxh7+ Kxh7 39. Qh4+ Qh6 40.
Re7+ 1-0

[Event "I Weekend A"]
[Site "Piacenza ITA"]
[Date "2005.11.06"]
[Round "5"]
[White "Aleksic, Nenad"]
[Black "Braghetta, Sergio"]
[Result "1-0"]
[WhiteElo "2381"]
[BlackElo "2277"]
[PlyCount "90"]
[EventDate "2005.11.04"]

1. e4 c5 2. Nf3 d6 3. d4 cxd4 4. Nxd4 Nf6 5. Nc3 a6 6. g3 e5 7. Nde2 Nbd7 8. a4
b6 9. Bg2 Bb7 10. h3 Be7 11. g4 Nc5 12. Ng3 g6 13. g5 Nfd7 14. h4 Ne6 15. Nd5
Bxd5 16. Qxd5 Nd4 17. Kd1 Rc8 18. c3 Rc5 19. Qa2 Ne6 20. Be3 Rc7 21. Bf1 Qc8
22. Ke1 Nf4 23. Rd1 O-O 24. Ne2 Nxe2 25. Bxe2 Nc5 26. f3 Kg7 27. Kf2 a5 28. Kg2
Qd8 29. Rh3 Qd7 30. Bb5 Qd8 31. Rdh1 h5 32. Qd5 Ne6 33. Rd1 Qb8 34. Rhh1 Rd8
35. Bc4 Rf8 36. Kh2 Nc5 37. Bb5 Ne6 38. Rhg1 Rfc8 39. Qd2 Qb7 40. Qf2 Rb8 41.
Rd2 Rcc8 42. Qe2 Nc7 43. Bc4 Qc6 44. Bb3 Rb7 45. Rgd1 45... Rcb8 {...} 1-0

[Event "I Weekend A"]
[Site "Piacenza ITA"]
[Date "2005.11.06"]
[Round "5"]
[White "Brancaleoni, Maurizio"]
[Black "Laketic, Gojko"]
[Result "1/2-1/2"]
[WhiteElo "2308"]
[BlackElo "2479"]
[PlyCount "43"]
[EventDate "2005.11.04"]

1. Nf3 d5 2. d4 Nf6 3. c4 dxc4 4. e3 Bg4 5. Bxc4 e6 6. Nc3 a6 7. O-O Nc6 8. Qe2
Bd6 9. h3 Bh5 10. Rd1 Qe7 11. g4 Bg6 12. e4 e5 13. Bg5 Nxd4 14. Nxd4 exd4 15.
Nd5 Qxe4 16. Nxf6+ gxf6 17. Qxe4+ Bxe4 18. Bxf6 O-O 19. Rxd4 Rfe8 20. Bd5 Bxd5
21. Rxd5 Re6 22. Bc3 1/2-1/2

[Event "I Weekend A"]
[Site "Piacenza ITA"]
[Date "2005.11.06"]
[Round "5"]
[White "Brigati, Alessandro"]
[Black "Bonade', Massimo"]
[Result "1-0"]
[WhiteElo "2006"]
[BlackElo "2070"]
[PlyCount "109"]
[EventDate "2005.11.04"]

1. d4 d5 2. c4 e6 3. Nc3 Nf6 4. cxd5 exd5 5. Bg5 Be7 6. e3 O-O 7. Bd3 Nbd7 8.
Nge2 c6 9. Qc2 Re8 10. O-O Nf8 11. f3 Be6 12. Rad1 Rc8 13. h3 c5 14. Qd2 Nh5
15. Bxe7 Qxe7 16. g4 Nf6 17. dxc5 Rxc5 18. Nd4 h5 19. Rfe1 N8d7 20. Nxe6 fxe6
21. Bg6 Ne5 22. Qc2 Nxf3+ 23. Kh1 Nxe1 24. Rxe1 Rec8 25. gxh5 b5 26. Qg2 b4 27.
Ne2 Kh8 28. Rf1 R5c7 29. Bd3 e5 30. Bf5 Rd8 31. Qg5 Nh7 32. Qg6 Nf8 33. Qg4 Rc4
34. Qg2 Rc6 35. Rg1 Rf6 36. Qg4 d4 37. exd4 exd4 38. Nxd4 Rxd4 39. Qxd4 Rxf5
40. h6 Qb7+ 41. Kh2 Qc7+ 42. Rg3 Rg5 43. hxg7+ Rxg7 44. Qh4+ Kg8 45. Kg2 Qxg3+
46. Qxg3 Rxg3+ 47. Kxg3 Kf7 48. Kf3 Ke6 49. Ke4 a5 50. Kd4 Kd6 51. Kc4 Kc6 52.
a3 bxa3 53. bxa3 Ng6 54. a4 Nh4 55. Kd4 1-0

[Event "I Weekend A"]
[Site "Piacenza ITA"]
[Date "2005.11.06"]
[Round "5"]
[White "Dassisti, Alberto"]
[Black "Bozzali, Ermanno"]
[Result "0-1"]
[WhiteElo "2012"]
[BlackElo "2108"]
[PlyCount "82"]
[EventDate "2005.11.04"]

1. e4 c5 2. Nc3 Nc6 3. g3 g6 4. Bg2 Bg7 5. d3 e6 6. f4 d6 7. Nf3 Nge7 8. O-O
O-O 9. Rb1 Rb8 10. Be3 Nd4 11. Ne2 Nec6 12. c3 Nxf3+ 13. Bxf3 b6 14. g4 Ne7 15.
Ng3 f5 16. d4 cxd4 17. Bxd4 e5 18. Be3 d5 19. gxf5 gxf5 20. exf5 e4 21. Bg4
Nxf5 22. Bxf5 Bxf5 23. Nxf5 Rxf5 24. Qg4 Qf8 25. Kh1 Rb7 26. Rf2 Qf7 27. Rg1
Qh5 28. Qg3 Rf6 29. Qg5 Qxg5 30. Rxg5 Rd7 31. Rfg2 Kf8 32. Bd4 Rff7 33. Bxg7+
Rxg7 34. Rf5+ Rgf7 35. Rgg5 d4 36. cxd4 Rxd4 37. Rxf7+ Kxf7 38. Rg2 Kf6 39. Rf2
Kf5 40. Kg2 e3 41. Re2 Kxf4 0-1

[Event "I Weekend A"]
[Site "Piacenza ITA"]
[Date "2005.11.06"]
[Round "5"]
[White "Drei, Andrea"]
[Black "Guanciale, Orazio"]
[Result "0-1"]
[WhiteElo "2274"]
[BlackElo "2154"]
[PlyCount "65"]
[EventDate "2005.11.04"]

1. e4 e6 2. Nc3 d5 3. Nf3 d4 4. Ne2 c5 5. c3 Nf6 6. Ng3 a6 7. a4 Nc6 8. Bc4 Be7
9. O-O h6 10. Qe2 Nd7 11. d3 Nde5 12. Nxe5 Nxe5 13. f4 Nxc4 14. dxc4 dxc3 15.
bxc3 Bd7 16. f5 Qa5 17. Rb1 O-O-O 18. fxe6 fxe6 19. Rf7 Rhe8 20. Nh5 Bxa4 21.
Be3 Bc6 22. Nxg7 Bxe4 23. Bf4 Bxb1 24. Qxe6+ Rd7 25. Nxe8 Qa1 26. Nd6+ Kd8 27.
Rf8+ Bxf8 28. Qe8+ Kc7 29. Qxf8 Bg6+ 30. Kf2 Qb2+ 31. Kg3 Qxc3+ 32. Kg4 Kc6 33.
Qc8+ 0-1

[Event "I Weekend A"]
[Site "Piacenza ITA"]
[Date "2005.11.06"]
[Round "5"]
[White "Ficco, Corrado"]
[Black "Raineri, Valerio"]
[Result "0-1"]
[WhiteElo "2172"]
[BlackElo "2132"]
[PlyCount "54"]
[EventDate "2005.11.04"]

1. e4 e5 2. f4 exf4 3. Nf3 d6 4. d4 g5 5. h4 g4 6. Ng1 Qf6 7. Bc4 h5 8. c3 Bh6
9. Na3 Ne7 10. Bd2 Ng6 11. Qb3 Nxh4 12. O-O-O Nxg2 13. Rxh5 f3 14. Bxh6 Rxh6
15. Bxf7+ Ke7 16. e5 Qf4+ 17. Kb1 Rxh5 18. Bxh5 Qf5+ 19. Ka1 Qxh5 20. exd6+
cxd6 21. Nc4 Qd5 22. Nxf3 gxf3 23. Rh1 Bf5 24. Rh5 b5 25. Nxd6 Qxb3 26. Nxf5+
Kf6 27. axb3 Nf4 0-1

[Event "I Weekend A"]
[Site "Piacenza ITA"]
[Date "2005.11.06"]
[Round "5"]
[White "Gaggino, Davide"]
[Black "Castrogiovanni, Carlo"]
[Result "0-1"]
[WhiteElo "2008"]
[BlackElo "2106"]
[PlyCount "70"]
[EventDate "2005.11.04"]

1. Nf3 c5 2. c4 g6 3. Nc3 Bg7 4. g3 e5 5. Bg2 Nc6 6. d3 Nge7 7. e4 O-O 8. Be3
Nd4 9. Qd2 d6 10. h3 Bd7 11. Ne2 Nxe2 12. Qxe2 h6 13. Qd2 Kh7 14. g4 b5 15. Ng1
Qb6 16. Ne2 Rab8 17. Rb1 f5 18. f4 bxc4 19. gxf5 gxf5 20. dxc4 Qb4 21. b3 Ng6
22. Qxb4 Rxb4 23. Rf1 Rb6 24. Kd2 Ra6 25. a4 Nh4 26. Bh1 Rb6 27. Nc3 Rfb8 28.
Kc2 exf4 29. Rxf4 Ng6 30. Rff1 Bxc3 31. Kxc3 Bxa4 32. exf5 Rxb3+ 33. Rxb3 Rxb3+
34. Kd2 Ne5 35. Bd5 Rb2+ 0-1

[Event "I Weekend A"]
[Site "Piacenza ITA"]
[Date "2005.11.06"]
[Round "5"]
[White "Genocchio, Daniele"]
[Black "Nannelli, Paolo"]
[Result "1-0"]
[WhiteElo "2348"]
[BlackElo "2172"]
[PlyCount "78"]
[EventDate "2005.11.04"]

1. e4 e6 2. d4 d5 3. e5 c5 4. c3 Nc6 5. Be3 Qb6 6. Qd2 Nh6 7. Nf3 Nf5 8. Bd3
cxd4 9. cxd4 Bb4 10. Nc3 Bd7 11. O-O Bxc3 12. bxc3 Na5 13. g4 Ne7 14. Bg5 Rc8
15. Bxe7 Kxe7 16. Rab1 Qd8 17. Qe3 a6 18. h4 Bc6 19. Ng5 Qg8 20. Qc1 Qd8 21.
Nxh7 Kd7 22. h5 Nc4 23. Ng5 Qe7 24. Qf4 Rcf8 25. Ne4 dxe4 26. Bxc4 Qh4 27. Qg3
Qxg3+ 28. fxg3 Ke7 29. Be2 f6 30. exf6+ gxf6 31. Kf2 Rfg8 32. c4 Rg5 33. Rfd1
Ra5 34. Rd2 Rd8 35. Ke3 b5 36. c5 Bd5 37. Rbb2 Rg8 38. Kf4 Ra3 39. Rb1 39...
Kf7 {...} 1-0

[Event "I Weekend A"]
[Site "Piacenza ITA"]
[Date "2005.11.06"]
[Round "5"]
[White "Giannetta, Paolo"]
[Black "Garofalo, Sergio"]
[Result "1-0"]
[WhiteElo "2039"]
[BlackElo "1907"]
[PlyCount "56"]
[EventDate "2005.11.04"]

1. d4 Nf6 2. c4 e5 3. dxe5 Ng4 4. Nh3 Nxe5 5. e3 d6 6. Nf4 g5 7. Nd5 c6 8. Ndc3
Be6 9. b3 Na6 10. Be2 h5 11. Bb2 g4 12. Nd2 Qc7 13. h3 Nc5 14. Qc2 O-O-O 15. f4
gxf3 16. gxf3 Rg8 17. O-O-O d5 18. f4 Bh6 19. cxd5 Bxd5 20. Nxd5 Ned3+ 21. Bxd3
Nxd3+ 22. Qxd3 Rxd5 23. Qh7 Rg6 24. Nc4 Bxf4 25. Qh8+ Kd7 26. exf4 Qxf4+ 27.
Kb1 Qe4+ 28. Ka1 Rg2 1-0

[Event "I Weekend A"]
[Site "Piacenza ITA"]
[Date "2005.11.06"]
[Round "5"]
[White "Marmili, Giulio"]
[Black "Magrini, Fabrizio"]
[Result "1-0"]
[WhiteElo "2066"]
[BlackElo "2067"]
[PlyCount "61"]
[EventDate "2005.11.04"]

1. c4 Nf6 2. Nc3 g6 3. g3 Bg7 4. Bg2 d6 5. Nf3 O-O 6. O-O c6 7. d3 e5 8. Rb1 h6
9. b4 Be6 10. a4 Qd7 11. Re1 Bh3 12. Bh1 Ng4 13. e3 f5 14. d4 f4 15. exf4 exf4
16. Bxf4 g5 17. Be3 c5 18. bxc5 dxc5 19. Nd5 Qf7 20. Qd2 cxd4 21. Bxd4 Bxd4 22.
Qxd4 Nc6 23. Qb2 Nxf2 24. Kxf2 g4 25. Qxb7 Qg6 26. Qxc6 Qc2+ 27. Kg1 gxf3 28.
Bxf3 Rxf3 29. Ne7+ Kg7 30. Qxf3 Rf8 31. Rbc1 1-0

[Event "I Weekend A"]
[Site "Piacenza ITA"]
[Date "2005.11.06"]
[Round "5"]
[White "Mussap, Angelo"]
[Black "Grillo, Francesco"]
[Result "1-0"]
[WhiteElo "2107"]
[BlackElo "2037"]
[PlyCount "120"]
[EventDate "2005.11.04"]

1. f4 d5 2. Nf3 g6 3. e3 Bg7 4. d4 Nf6 5. c4 e6 6. Nc3 Nbd7 7. b3 O-O 8. Ba3
Re8 9. Bd3 b6 10. O-O c5 11. Ne5 cxd4 12. exd4 Bb7 13. cxd5 Nxe5 14. dxe5 Nxd5
15. Nxd5 Qxd5 16. Qe2 Bf8 17. Bb2 Bc5+ 18. Kh1 Red8 19. Rad1 Qc6 20. Bb5 Qc7
21. Qg4 Rxd1 22. Rxd1 Rd8 23. h3 h5 24. Qe2 Qe7 25. Kh2 Rxd1 26. Qxd1 a6 27.
Be2 b5 28. Qd3 Bb6 29. Bd4 Bxd4 30. Qxd4 Qc7 31. Qd2 Kf8 32. Qd3 Bd5 33. Bf3
Bxf3 34. Qxf3 Qc8 35. Qd3 Ke8 36. Qd6 Qb7 37. Kg3 a5 38. a3 b4 39. a4 Qc8 40.
Kh4 Qc3 41. Qb8+ Ke7 42. Qa7+ Ke8 43. Qxa5 Qxb3 44. Qa8+ Ke7 45. Qb7+ Kf8 46.
a5 g5+ 47. fxg5 Qc4+ 48. Kxh5 Qe2+ 49. Kh4 Qc4+ 50. g4 Kg7 51. Qe7 b3 52. Qf6+
Kg8 53. g6 fxg6 54. Qxg6+ Kf8 55. Qh6+ Ke7 56. Qg7+ Kd8 57. Qf8+ Kd7 58. Qd6+
Kc8 59. a6 Qd5 60. Qf8+ Kc7 1-0

[Event "I Weekend A"]
[Site "Piacenza ITA"]
[Date "2005.11.06"]
[Round "5"]
[White "Panizzi, Giuseppe"]
[Black "Barletta, Mauro"]
[Result "0-1"]
[WhiteElo "2145"]
[BlackElo "2254"]
[PlyCount "68"]
[EventDate "2005.11.04"]

1. Nf3 d5 2. d4 c5 3. c3 e6 4. Bf4 Nc6 5. e3 Qb6 6. Qc2 Nf6 7. Nbd2 Bd7 8. Ne5
Rc8 9. Nxc6 Bxc6 10. Rc1 Be7 11. Be2 O-O 12. O-O Bb5 13. Bxb5 Qxb5 14. Rfe1
Rfd8 15. Be5 Nd7 16. Bg3 Bf6 17. Nf3 a5 18. Bd6 Qc6 19. Bxc5 Nxc5 20. dxc5 Qxc5
21. Qe2 b5 22. Qd2 g6 23. Red1 Kg7 24. h3 Qb6 25. Rc2 Rc4 26. Rdc1 Rdc8 27. Qe2
e5 28. Ne1 h5 29. Rd1 d4 30. cxd4 exd4 31. exd4 Bxd4 32. Rxc4 bxc4 33. Rb1 c3
34. Nc2 cxb2 0-1

[Event "I Weekend A"]
[Site "Piacenza ITA"]
[Date "2005.11.06"]
[Round "5"]
[White "Pipitone, Antonio"]
[Black "Candura, Stefano"]
[Result "1/2-1/2"]
[WhiteElo "2029"]
[BlackElo "2039"]
[PlyCount "116"]
[EventDate "2005.11.04"]

1. e4 e6 2. d4 d5 3. Nc3 Bb4 4. e5 c5 5. a3 Bxc3+ 6. bxc3 Nc6 7. Nf3 Qa5 8. Bd2
Qa4 9. Be3 Bd7 10. Be2 f6 11. O-O c4 12. Qd2 O-O-O 13. Rfb1 h6 14. Bf4 f5 15.
h4 Nge7 16. h5 Rdg8 17. Nh4 g5 18. hxg6 Nxg6 19. Nxg6 Rxg6 20. Bh5 Rg7 21. g3
Na5 22. Kg2 Be8 23. Rh1 Bxh5 24. Rxh5 Qe8 25. Rah1 Rgh7 26. Bxh6 Qg6 27. R5h4
Nc6 28. Qg5 Ne7 29. R4h3 Kd7 30. Qxg6 Nxg6 31. f3 Ke8 32. g4 fxg4 33. fxg4 Rf7
34. Rf3 Rhh7 35. Rf6 Rxf6 36. exf6 Kf7 37. g5 Rh8 38. Kg3 Re8 39. Re1 e5 40.
dxe5 Nxe5 41. Rb1 b6 42. a4 Kg6 43. Rb5 Nf7 44. Rxd5 Re3+ 45. Kf4 Rxc3 46. Rd2
Ra3 47. Re2 Rxa4 48. c3 Ra5 49. Re8 Nxh6 50. gxh6 Rf5+ 51. Ke4 Rxf6 52. Re7 a5
53. h7 Rf8 54. Rb7 a4 55. Rxb6+ Kxh7 56. Ra6 a3 57. Rxa3 Kg6 58. Ra4 Kf6
1/2-1/2

[Event "I Weekend A"]
[Site "Piacenza ITA"]
[Date "2005.11.06"]
[Round "5"]
[White "Ranola, Yves"]
[Black "Bevilacqua, Roberto"]
[Result "0-1"]
[WhiteElo "2455"]
[BlackElo "2116"]
[PlyCount "48"]
[EventDate "2005.11.04"]

1. e4 d5 2. exd5 Nf6 3. Nf3 Nxd5 4. h3 Bf5 5. d4 e6 6. Be2 Be7 7. O-O O-O 8. c4
Nb4 9. Nc3 Bf6 10. Be3 Nc2 11. Rc1 Nxe3 12. fxe3 c6 13. Bd3 Bxd3 14. Qxd3 Nd7
15. Ne4 Be7 16. Rc2 Qa5 17. a3 Rad8 18. g4 Ne5 19. Qe2 Ng6 20. Qg2 Rfe8 21. Qg3
f5 22. gxf5 exf5 23. Neg5 Bd6 24. Qg2 Rxe3 0-1

[Event "I Weekend A"]
[Site "Piacenza ITA"]
[Date "2005.11.06"]
[Round "5"]
[White "Rigo, Gianfrancesco"]
[Black "Capata, Ion"]
[Result "0-1"]
[WhiteElo "2028"]
[BlackElo "2090"]
[PlyCount "82"]
[EventDate "2005.11.04"]

1. e4 e5 2. Bc4 Bc5 3. Nc3 Nf6 4. Nf3 d6 5. d4 exd4 6. Nxd4 h6 7. h3 c6 8. Bb3
b5 9. Be3 O-O 10. Qf3 Bxd4 11. Bxd4 Nbd7 12. O-O Bb7 13. a3 a5 14. Qg3 b4 15.
axb4 axb4 16. Rxa8 Bxa8 17. Ne2 c5 18. Bxf6 Qxf6 19. Rd1 Ne5 20. Bd5 Bxd5 21.
Rxd5 Ra8 22. Rd1 Ra2 23. Qb3 Qe6 24. Rd5 Ra1+ 25. Kh2 Ng6 26. Qd3 Ne5 27. Qg3
Re1 28. Nf4 Qf6 29. Nh5 Qg6 30. Qxg6 fxg6 31. Ng3 Rc1 32. Rd2 Nc4 33. Re2 Nxb2
34. f4 Nc4 35. f5 g5 36. Nh1 Rd1 37. Nf2 Rd2 38. Rxd2 Nxd2 39. Kg3 c4 40. Kg4
b3 41. cxb3 cxb3 0-1

[Event "I Weekend A"]
[Site "Piacenza ITA"]
[Date "2005.11.06"]
[Round "5"]
[White "Salvador, Roland"]
[Black "Bellani, Alessandro"]
[Result "1-0"]
[WhiteElo "2397"]
[BlackElo "2116"]
[PlyCount "45"]
[EventDate "2005.11.04"]

1. d4 Nf6 2. Nf3 d6 3. Nc3 Nbd7 4. e4 c6 5. Be3 a6 6. a4 Qa5 7. Qd2 b5 8. Bd3
e5 9. O-O b4 10. Ne2 exd4 11. Nexd4 c5 12. Nf5 Bb7 13. Bf4 Qc7 14. e5 dxe5 15.
Nxe5 Nxe5 16. Bxe5 Qc6 17. Qg5 h6 18. Qg3 O-O-O 19. Rfd1 g6 20. Qh3 Rd7 21. Ne3
Be7 22. Nc4 Re8 23. Be4 1-0

[Event "I Weekend A"]
[Site "Piacenza ITA"]
[Date "2005.11.06"]
[Round "5"]
[White "Scalcione, Michelangelo"]
[Black "Gromovs, Sergejs"]
[Result "0-1"]
[WhiteElo "2284"]
[BlackElo "2302"]
[PlyCount "70"]
[EventDate "2005.11.04"]

1. Nf3 c5 2. c4 Nc6 3. d4 cxd4 4. Nxd4 g6 5. e4 Bg7 6. Be3 Nf6 7. Nc3 O-O 8.
Be2 d6 9. O-O Bd7 10. Qd2 Rc8 11. f3 a6 12. Rac1 e6 13. Nxc6 Rxc6 14. Rcd1 Qc7
15. Qe1 Bc8 16. Qh4 Nd7 17. f4 Qd8 18. Qf2 f5 19. exf5 gxf5 20. Bf3 Rxc4 21.
Rxd6 Kh8 22. Rfd1 Re8 23. Qc2 b5 24. Bc6 Re7 25. Qd3 Rxc6 26. Rxc6 Qe8 27. Rc7
Nf8 28. Rxe7 Qxe7 29. Qd8 Qb7 30. Bd4 Bxd4+ 31. Qxd4+ Kg8 32. h4 Qe7 33. Qf2
Bb7 34. Rd3 Qf6 35. Rg3+ Kf7 0-1

[Event "I Torneo GM"]
[Site "Scanno ITA"]
[Date "2005.11.07"]
[Round "1"]
[White "Abergel, Thal"]
[Black "Steingrimsson, Hedinn"]
[Result "0-1"]
[WhiteElo "2436"]
[BlackElo "2435"]
[PlyCount "74"]
[EventDate "2005.11.07"]

1. e4 c5 2. Nf3 d6 3. d4 cxd4 4. Nxd4 Nf6 5. Nc3 a6 6. Bc4 e6 7. Bb3 b5 8. Bg5
Bb7 9. Bxe6 fxe6 10. Nxe6 Qd7 11. Nd5 Kf7 12. Ndc7 Be7 13. O-O Rc8 14. Nxa8
Qxe6 15. Nb6 Rc5 16. Bxf6 Bxf6 17. f3 Bxb2 18. Rb1 Bf6 19. Qd3 Rh5 20. Rbd1 Qe5
21. Qxd6 Qxd6 22. Rxd6 Be7 23. Rd5 Bxd5 24. Nxd5 Rh6 25. g3 Rc6 26. c3 Nd7 27.
Rd1 Nf6 28. Nf4 Rxc3 29. e5 Ne8 30. Rd7 Rc7 31. e6+ Kf8 32. h4 Rxd7 33. exd7
Nc7 34. Kf1 Bd8 35. Nd3 Ke7 36. Ne5 Ne6 37. Ke2 Bc7 0-1

[Event "I Torneo GM"]
[Site "Scanno ITA"]
[Date "2005.11.07"]
[Round "1"]
[White "Fogarasi, Tibor"]
[Black "Starostits, Ilmars"]
[Result "1/2-1/2"]
[WhiteElo "2482"]
[BlackElo "2480"]
[PlyCount "92"]
[EventDate "2005.11.07"]

1. e4 c5 2. Nf3 d6 3. d4 cxd4 4. Nxd4 Nf6 5. Bd3 Nc6 6. Nxc6 bxc6 7. c4 g6 8.
b3 Bg7 9. Bb2 O-O 10. O-O Qc7 11. Nc3 Rd8 12. Rc1 a5 13. h3 Nd7 14. f4 a4 15.
Kh1 axb3 16. axb3 Nc5 17. b4 Rb8 18. Ba3 Qa7 19. Nb1 Nxd3 20. Qxd3 Ba6 21. Qc2
d5 22. exd5 cxd5 23. b5 Bc8 24. cxd5 Rxb5 25. Qc7 Qxc7 26. Rxc7 Rbxd5 27. Bxe7
Re8 28. Nc3 Rd4 29. Nb5 Ba6 30. Nxd4 Bxf1 31. Nc6 h6 32. Kg1 Bc4 33. Ne5 Be6
34. h4 Ra8 35. Rc2 Ra7 36. Bd6 Bf6 37. g3 Rb7 38. Kf2 Rb3 39. Bc5 g5 40. hxg5
hxg5 41. Bd4 gxf4 42. gxf4 Bh4+ 43. Ke2 Rb4 44. Ke3 Rb3+ 45. Ke2 Rb4 46. Ke3
Rb3+ 1/2-1/2

[Event "I Torneo GM"]
[Site "Scanno ITA"]
[Date "2005.11.07"]
[Round "1"]
[White "Maksimenko, Andrei"]
[Black "Farago, Ivan"]
[Result "1/2-1/2"]
[WhiteElo "2501"]
[BlackElo "2512"]
[PlyCount "23"]
[EventDate "2005.11.07"]

1. e4 c5 2. Nf3 e6 3. d4 cxd4 4. Nxd4 a6 5. Be2 Nf6 6. Nc3 Qc7 7. O-O Nc6 8. a3
Be7 9. Be3 O-O 10. f4 d6 11. Kh1 Bd7 12. Nf3 1/2-1/2